Anything but Ivy League Colleges Quiz Stats

 Plays Quiz Updated Aug 24, 2021

Support Sporcle.
Go Orange.
Score 0/8 Timer 00:30
0 Plays Today
% Correct
???
86.3%
???
85.9%
???
85.7%
???
85.1%
???
83.6%
???
81.9%
???
77.2%
???
75.9%

From the Vault

Hot, Cold, Easy, or Hard Songs

by JoeBeta

Music 4m
Apparently, opposites really do attract.
Remove Ads.
Support Sporcle.
Get the best of Sporcle when you Go Orange. This ad-free experience offers more features, more stats, and more fun while also helping to support Sporcle. Thank you for becoming a member.

Show Comments

Extras

Top Quizzes Today


Score Distribution

Your Account Isn't Verified!

In order to create a playlist on Sporcle, you need to verify the email address you used during registration. Go to your Sporcle Settings to finish the process.

Report this User

Report this user for behavior that violates our Community Guidelines.

Details: